| 000 | 00798cam a2200205 i 4500 | ||
|---|---|---|---|
| 005 | 20251230104324.0 | ||
| 008 | 250721s2001 ua gr 000 0 ara d | ||
| 020 | _a9775260248 | ||
| 082 | 1 | 4 |
_a219 _bع ب د |
| 100 | 1 |
_aعبد الهادي، عبد المهدي عبد القادر _eمؤلف. |
|
| 245 | 1 | 0 |
_aأحاديث معجزات الرسول عليه السلام التي ظهرت في زماننا / _cتأليف أ.د عبد الهادي عبد القادر عبد الهادي. |
| 250 | _aالطبعة الأولى. | ||
| 264 | 3 | 1 |
_aالمنصورة : _bمكتبة الإيمان، _c2001. |
| 300 | _a367 صفحة. | ||
| 650 | 1 | 7 | _aالسيرة النبوية. |
| 650 | 1 | 7 | _aالنبوات. |
| 650 | 1 | 7 | _aالمعجزات. |
| 942 |
_2ddc _cBK |
||
| 999 |
_c94713 _d94713 |
||